En Familia
Збережено в:
| Автор: | |
|---|---|
| Формат: | Книга |
| Мова: | Undetermined |
| Опубліковано: |
Valencia, España
Prometeo
[s.f.]
|
| Предмети: | |
| Теги: |
Додати тег
Немає тегів, Будьте першим, хто поставить тег для цього запису!
|
MARC
| LEADER | 00000nam a2200000Ia 4500 | ||
|---|---|---|---|
| 008 | 170316s9999 xx 000 0 und d | ||
| 040 | |a cru BVZT | ||
| 090 | |a 840 H-4f | ||
| 100 | |a Huysmans, J. K. | ||
| 245 | |a En Familia | ||
| 260 | |a Valencia, España | ||
| 260 | |b Prometeo | ||
| 260 | |c [s.f.] | ||
| 300 | |a 365 páginas | ||
| 650 | |a LITERATURA FRANCESA | ||
| 999 | |c 7747 |d 7747 | ||
| 942 | |c 15 D |h 840 H-4f |2 z | ||
